000 00590nam a22001217a 4500
040 _cRUA
082 _aLMA SEK 2024 B701 Or.1
100 _aSEK HENGRONG, សឹក ហេងរ៉ុង
245 _aStudy On Urban Land Use Growth Prediction In Dangkao District, Phnom Penh, សិក្សាពីព្យាករណ៍ពីកំណើនការប្រើប្រាស់ដីទីប្រជុំជនក្នុង ខណ្ឌដង្កោ រាជធានីភ្នំពេញ
260 _aPHNOM PENH
_bRUA
_c2024
300 _aix,
_bill,
_c29cm,
942 _cLMA
999 _c25333
_d25333